Sociology, new directions (Record no. 10317)
[ view plain ]
| 000 -LEADER | |
|---|---|
| fixed length control field | 00469 a2200145 4500 |
| 020 ## - INTERNATIONAL STANDARD BOOK NUMBER | |
| International Standard Book Number | 094618318X : |
| 005 - DATE AND TIME OF LATEST TRANSACTION | |
| control field | 20191017173459.0 |
| 084 ## - OTHER CLASSIFICATION NUMBER | |
| Classification number | HM51 .S66348 1985 |
| 245 ## - TITLE STATEMENT | |
| Title | Sociology, new directions |
| Medium | |
| 260 ## - PUBLICATION, DISTRIBUTION, ETC. | |
| Place of publication, distribution, etc. | enk |
| Name of publisher, distributor, etc. | Causeway Books |
| Date of publication, distribution, etc. | c1985 |
| 300 ## - PHYSICAL DESCRIPTION | |
| Extent | 675 p. : ill. |
| Other physical details | 22 cm. |
| Dimensions | 675 p. : ill. ; 22 cm. |
| 500 ## - GENERAL NOTE | |
| General note | edited by Michael Haralambos ; written by Aidan Foster-Carter ... [et al.]. |
| 650 ## - SUBJECT ADDED ENTRY--TOPICAL TERM | |
| Topical term or geographic name entry element | SOCIOLOGY |
| 700 ## - ADDED ENTRY--PERSONAL NAME | |
| Personal name | Haralambos, Michael. |
| 700 ## - ADDED ENTRY--PERSONAL NAME | |
| Personal name | Foster-Carter, Aidan. |
No items available.